Interpersonal communication : (Record no. 6905)

MARC details
000 -LEADER
fixed length control field 00762nam a22002297a 4500
003 - CONTROL NUMBER IDENTIFIER
control field OSt
005 - DATE AND TIME OF LATEST TRANSACTION
control field 20210507113037.0
008 - FIXED-LENGTH DATA ELEMENTS--GENERAL INFORMATION
fixed length control field 210507b ||||| |||| 00| 0 eng d
020 ## - INTERNATIONAL STANDARD BOOK NUMBER
International Standard Book Number 031225895X
040 ## - CATALOGING SOURCE
Transcribing agency MUST LIB
082 ## - DEWEY DECIMAL CLASSIFICATION NUMBER
Classification number 384
Item number CAN 2003
100 ## - MAIN ENTRY--PERSONAL NAME
Personal name Canary, Daniel J
9 (RLIN) 14164
245 ## - TITLE STATEMENT
Title Interpersonal communication :
Remainder of title a goals-based approach /
Statement of responsibility, etc. Daniel J. Canary, Michael J. Cody, Valerie L. Manusov
250 ## - EDITION STATEMENT
Edition statement 3rd.ed.
260 ## - PUBLICATION, DISTRIBUTION, ETC. (IMPRINT)
Place of publication, distribution, etc. Boston :
Name of publisher, distributor, etc. Bedford/St. Martin's,
Date of publication, distribution, etc. c2003
300 ## - PHYSICAL DESCRIPTION
Extent xv, 558 p. :
Other physical details ill. ;
Dimensions 24 cm
504 ## - BIBLIOGRAPHY, ETC. NOTE
Bibliography, etc Includes bibliographical references and indexes
690 ## - LOCAL SUBJECT ADDED ENTRY--TOPICAL TERM (OCLC, RLIN)
Topical term or geographic name as entry element Interpersonal communication
9 (RLIN) 10023
690 ## - LOCAL SUBJECT ADDED ENTRY--TOPICAL TERM (OCLC, RLIN)
Topical term or geographic name as entry element Interpersonal relations
9 (RLIN) 2275
690 ## - LOCAL SUBJECT ADDED ENTRY--TOPICAL TERM (OCLC, RLIN)
Topical term or geographic name as entry element Interpersonal conflict
9 (RLIN) 14165
942 ## - ADDED ENTRY ELEMENTS (KOHA)
Source of classification or shelving scheme Other/Generic Classification Scheme
Koha item type Book
Holdings
Withdrawn status Lost status Source of classification or shelving scheme Damaged status Not for loan Home library Current library Date acquired Source of acquisition Inventory number Total Checkouts Full call number Barcode Date last seen Price effective from Koha item type
    Dewey Decimal Classification     Faculty of Interdisciplinary Studies Library Faculty of Interdisciplinary Studies Library 07/05/2021 Purchase 21/41404   384 CAN 2003 2021-0478 07/05/2021 07/05/2021 Book